zpět

Detail výsledku týmu

AC klub, Hradec Králové

Datum a čas kvízu

21 Celkem bodů Celkový počet nahraných bodů na tomto kvízu bez doplňovacích otázek.
6. Pořadí na kvízu Konečné umístění týmu na tomto kvízu.

Zaznamenané odpovědi

# Otázka Odpověď Body Výsledky
1. Premiér Babiš minulý týden ozn... Karel Havlíček, Vladimír Kremlík 0
2. Britská premiérka Mayová souhl... 31. října 1
3. Deset koncertů a dost! Jak se... Spirituál kvintet 0
4. Na konci března ochranka pražs... Raiffeisenbank 1
5. Bývalý kapitán reprezentace On... ve volejbale 1
6. V tomto tématu se podíváme na... Všechno bude, Zelená kniha 0.5
5. V českém prostředí jsou v dneš... v Indii 0
8. Na komediální road movie Pařba... Bangkok 1
5. Jak se jmenuje komediální road... Blbý a blbější 1
10. Jistou formou road movies jsou... v Argentině 0